La filosofía en una época de terror: diálogos con Jürgen Habermas y Jacques Derrida
Guardat en:
| Autor principal: | |
|---|---|
| Format: | Llibre |
| Idioma: | espanyol |
| Publicat: |
Madrid
Santillana
2003
Madrid Taurus 2003 |
| Col·lecció: | Pensamiento
|
| Matèries: | |
| Etiquetes: |
Afegir etiqueta
Sense etiquetes, Sigues el primer a etiquetar aquest registre!
|
MARC
| LEADER | 00000nam a2200000 a 4500 | ||
|---|---|---|---|
| 001 | UCL7880 | ||
| 003 | CL-VaPUC | ||
| 008 | 040604e20030000sp |||||||||||||||||spa|d | ||
| 020 | |a 8430605266 | ||
| 082 | 0 | 4 | |a 320.01 |b BOR |2 21 |
| 100 | 0 | |a Borradori, Giovanna |e author |9 485828 | |
| 245 | 1 | 3 | |a La filosofía en una época de terror: diálogos con Jürgen Habermas y Jacques Derrida |
| 300 | |a 270 p | ||
| 942 | |c BK | ||
| 945 | |d 20040604 00:00:00 |a cmena | ||
| 260 | |a Madrid |b Santillana |c 2003 | ||
| 260 | |a Madrid |b Taurus |c 2003 | ||
| 600 | 0 | 7 | |a HABERMAS, JURGEN |2 CL-VaPUC |9 334312 |
| 600 | 0 | |a Derrida, Jacques |d 1930-2004 |9 449254 | |
| 650 | 7 | |a FILOSOFIA POLITICA |2 CL-VaPUC |9 485829 | |
| 650 | 0 | |a Cambio social |9 256857 | |
| 650 | 0 | |a Terrorismo |9 255070 | |
| 583 | |a last modification |c 20171212 06:15:46 |k Rodrigo Vera | ||
| 490 | 0 | |a Pensamiento | |
| 999 | |c 309437 |d 309435 | ||
| 952 | |0 0 |1 0 |4 0 |6 320_010000000000000_BOR_2003_2003 |7 0 |8 DER_TF |9 376876 |a BIBDER |b BIBDER |d 2019-11-21 |i 4023870 |l 1 |o 320.01 BOR 2003 2003 |p 4023870 |r 2023-01-25 |s 2020-03-17 |w 2019-11-21 |x Ubicación 4to Piso |y BK |z Estos recursos deben solicitarse con anticipación |k DER | ||